| 000 | 01037nam a22002297a 4500 | ||
|---|---|---|---|
| 999 |
_c64689 _d64689 |
||
| 005 | 20240530110744.0 | ||
| 008 | 181125s2017 ua g b 000 0 ara d | ||
| 017 | _bمصر. دار الكتب | ||
| 040 |
_aEG-CaGPL _cEG-CaGPL |
||
| 082 | 0 | 4 |
_221 _a953.07 / _bإ د |
| 100 | 0 | _aابراهيم عبدالمنعم سلامة ابوالعلا | |
| 245 | 1 | 2 |
_aالدول الاسلامية المشرقية المستقلة عن الخلافة العباسية / _cابراهيم عبدالمنعم سلامة ابوالعلا |
| 260 |
_aالاسكندرية : _bدار المعرفة الجامعية ، _c2017. |
||
| 300 |
_a282 ص. ؛ _c24 سم. |
||
| 504 | _aيشتمل على ارجاعات ببليوجرافية | ||
| 650 | 0 | 7 |
_2qrmak _aالعالم العربى _xتاريخ _yالعصر العباسى |
| 650 | 0 | 7 |
_2qrmak _aالتاريخ الاسلامى |
| 651 | 0 | 7 |
_2qrmak _aالدولة العباسية |
| 651 | 0 | 7 |
_2qrmak _aالتاريخ الاسلامى |
| 942 |
_2ddc _cBK |
||